00300nam a2200121Ia 4500003000400000005001700004008004100021020001900062040001700081100001600098245004300114260002100157OSt20240302124707.0170524s9999 xx 000 0 und d a978-8189582173 ciimtu meerut aDEVI- MEENA 0aFUNDAMENTAL OF MASS MEDIA AND COMMERCE bNEW DELHI: ALPHA